Jetpunk Countries Containing Other Countries - Statistics

General Stats
  • This quiz has been taken 29 times
    23 since last reset
  • The average score is 3 of 5
Answer Stats
Answer % Correct
Ukraine
70%
Democratic Republic of the Congo
65%
Dominican Republic
65%
Nigeria
65%
Guinea-Bissau
61%
No matching quizzes found
Score Distribution
Percent of People with Each Score
Percentile by Number Answered
Your Score History
You have not taken this quiz since the last reset